[Event "Moscow Open 2018 F"]
[Site "?"]
[Date "2018.02.01"]
[Round "7.15"]
[White "Platonov, Dmitriy"]
[Black "Kuzub, Pavel"]
[Result "1/2-1/2"]
[BlackElo "2020"]
[WhiteElo "2190"]
[LiveChessVersion "1.4.8"]

1. d4 {[%clk 1:30:57]} d5 {[%clk 1:21:52]} 2. c4 {[%clk 1:31:18]} c6
{[%clk 1:22:14]} 3. Nf3 {[%clk 1:31:41]} Nf6 {[%clk 1:22:37]} 4. Nc3
{[%clk 1:32:04]} e6 {[%clk 1:23:05]} 5. Bg5 {[%clk 1:32:25]} h6 {[%clk 1:23:31]}
6. Bxf6 {[%clk 1:32:47]} Qxf6 {[%clk 1:23:57]} 7. Qb3 {[%clk 1:32:50]} Nd7
{[%clk 1:23:11]} 8. e4 {[%clk 1:32:45]} dxc4 {[%clk 1:20:53]} 9. Bxc4
{[%clk 1:32:37]} b5 {[%clk 1:18:56]} 10. Bd3 {[%clk 1:31:31]} a6 {[%clk 1:17:12]}
11. e5 {[%clk 1:29:11]} Qd8 {[%clk 1:17:29]} 12. a4 {[%clk 1:27:45]} Bb7
{[%clk 1:10:40]} 13. O-O {[%clk 1:00:41]} b4 {[%clk 1:04:00]} 14. Ne4
{[%clk 0:40:58]} Qb8 {[%clk 0:53:06]} 15. Rac1 {[%clk 0:38:04]} c5
{[%clk 0:50:00]} 16. dxc5 {[%clk 0:25:02]} Bd5 {[%clk 0:50:29]} 17. Qc2
{[%clk 0:23:25]} Nxe5 {[%clk 0:50:57]} 18. Nxe5 {[%clk 0:23:33]} Qxe5
{[%clk 0:51:25]} 19. Rfe1 {[%clk 0:23:22]} Qc7 {[%clk 0:51:04]} 20. Bc4
{[%clk 0:15:22]} Bb7 {[%clk 0:42:07]} 21. Qb3 {[%clk 0:05:16]} Bxe4
{[%clk 0:38:27]} 22. Rxe4 {[%clk 0:05:10]} Bxc5 {[%clk 0:38:01]} 23. Bxe6
{[%clk 0:02:38]} O-O {[%clk 0:38:23]} 24. Bc4 {[%clk 0:02:43]} Qd6
{[%clk 0:37:13]} 25. Rd1 {[%clk 0:02:51]} Qf6 {[%clk 0:37:24]} 26. Re2
{[%clk 0:03:00]} Rfe8 {[%clk 0:34:00]} 27. Rc2 {[%clk 0:03:19]} Re5
{[%clk 0:33:03]} 28. g3 {[%clk 0:02:48]} Rf5 {[%clk 0:28:54]} 29. Rdd2
{[%clk 0:02:14]} Re8 {[%clk 0:26:09]} 30. Kg2 {[%clk 0:02:25]} Qb6
{[%clk 0:19:18]} 31. Qd3 {[%clk 0:02:12]} Rf6 {[%clk 0:19:10]} 32. b3
{[%clk 0:02:15]} a5 {[%clk 0:16:44]} 33. Qd5 {[%clk 0:02:15]} Bf8
{[%clk 0:14:21]} 34. Re2 {[%clk 0:02:06]} Rd8 {[%clk 0:12:16]} 35. Qb5
{[%clk 0:02:28]} Qa7 {[%clk 0:11:45]} 36. Qe5 {[%clk 0:02:34]} Rd4
{[%clk 0:10:40]} 37. Rcd2 {[%clk 0:02:14]} Rxd2 {[%clk 0:09:58]} 38. Rxd2
{[%clk 0:02:39]} Qc5 {[%clk 0:09:53]} 39. Qxc5 {[%clk 0:02:32]} Bxc5
{[%clk 0:10:22]} 40. f4 {[%clk 0:02:48]} Rd6 {[%clk 0:10:28]} 1/2-1/2

[Event "Moscow Open 2018 F"]
[Site "?"]
[Date "2018.02.01"]
[Round "7.16"]
[White "Grigoryeva, Olga A."]
[Black "Klenin, Georgy"]
[Result "1/2-1/2"]
[BlackElo "1937"]
[WhiteElo "2171"]
[LiveChessVersion "1.4.8"]

1. c4 {[%clk 1:30:58]} Nf6 {[%clk 1:30:26]} 2. Nc3 {[%clk 1:31:23]} d5
{[%clk 1:28:37]} 3. cxd5 {[%clk 1:31:16]} Nxd5 {[%clk 1:27:59]} 4. g3
{[%clk 1:31:13]} c6 {[%clk 1:26:49]} 5. d4 {[%clk 1:30:55]} g6 {[%clk 1:26:28]}
6. Bg2 {[%clk 1:30:40]} e6 {[%clk 1:26:40]} 7. e4 {[%clk 1:28:49]} Ne7
{[%clk 1:25:56]} 8. Nge2 {[%clk 1:24:34]} Bg7 {[%clk 1:26:14]} 9. Be3
{[%clk 1:23:40]} b6 {[%clk 1:26:23]} 10. d5 {[%clk 1:13:12]} exd5
{[%clk 1:22:19]} 11. exd5 {[%clk 1:13:33]} Bb7 {[%clk 1:21:01]} 12. Bd4
{[%clk 0:36:37]} O-O {[%clk 1:09:22]} 13. Bxg7 {[%clk 0:37:02]} Kxg7
{[%clk 1:09:48]} 14. O-O {[%clk 0:36:01]} Nf5 {[%clk 1:00:20]} 15. Nd4
{[%clk 0:32:02]} Ne7 {[%clk 0:55:00]} 16. Nde2 {[%clk 0:25:26]} Nf5
{[%clk 0:54:55]} 17. Nf4 {[%clk 0:25:29]} c5 {[%clk 0:51:57]} 18. Ne4
{[%clk 0:20:55]} Nd4 {[%clk 0:48:56]} 19. b4 {[%clk 0:20:16]} Re8
{[%clk 0:39:10]} 20. bxc5 {[%clk 0:19:45]} Rxe4 {[%clk 0:39:37]} 21. Bxe4
{[%clk 0:19:55]} bxc5 {[%clk 0:40:06]} 22. Re1 {[%clk 0:16:18]} Nd7
{[%clk 0:39:47]} 23. Ne2 {[%clk 0:14:41]} Nb5 {[%clk 0:39:17]} 24. Bg2
{[%clk 0:13:42]} Nd6 {[%clk 0:38:53]} 25. Nc3 {[%clk 0:12:53]} Nb6
{[%clk 0:34:27]} 26. Rb1 {[%clk 0:11:19]} Rc8 {[%clk 0:33:11]} 27. Qe2
{[%clk 0:09:56]} Rc7 {[%clk 0:30:58]} 28. Ne4 {[%clk 0:06:59]} Nxe4
{[%clk 0:29:56]} 29. Qxe4 {[%clk 0:06:14]} Bxd5 {[%clk 0:29:55]} 30. Qd3
{[%clk 0:04:07]} Qa8 {[%clk 0:27:38]} 31. Bxd5 {[%clk 0:03:21]} Qxd5
{[%clk 0:27:39]} 32. Qxd5 {[%clk 0:02:45]} Nxd5 {[%clk 0:28:07]} 33. Re5
{[%clk 0:02:32]} Nb4 {[%clk 0:28:27]} 34. Re2 {[%clk 0:01:32]} h5
{[%clk 0:28:39]} 35. h4 {[%clk 0:01:41]} Nd3 {[%clk 0:26:39]} 36. Rc2
{[%clk 0:01:31]} Ne5 {[%clk 0:26:40]} 37. Rc3 {[%clk 0:01:40]} Kf6
{[%clk 0:26:56]} 38. Rbc1 {[%clk 0:01:42]} Nd7 {[%clk 0:26:50]} 39. Kg2
{[%clk 0:01:27]} Rc6 {[%clk 0:26:40]} 40. Rd1 {[%clk 0:01:13]} Rc7
{[%clk 0:25:02]} 41. Rd6+ {[%clk 0:01:27]} Ke7 {[%clk 0:25:27]} 42. Ra6
{[%clk 0:01:39]} Nb8 {[%clk 0:25:00]} 43. Ra5 {[%clk 0:01:28]} Kd6
{[%clk 0:25:28]} 44. Kf3 {[%clk 0:01:23]} Nc6 {[%clk 0:25:12]} 45. Ra6
{[%clk 0:01:16]} Kd5 {[%clk 0:25:31]} 46. Ke3 {[%clk 0:01:13]} Re7+
{[%clk 0:25:56]} 47. Kd2 {[%clk 0:01:32]} Rb7 {[%clk 0:25:26]} 48. Rb3
{[%clk 0:01:03]} Re7 {[%clk 0:25:50]} 49. Re3 {[%clk 0:00:47]} Rb7
{[%clk 0:26:12]} 50. Kc1 {[%clk 0:00:59]} Nd4 {[%clk 0:25:17]} 51. Raa3
{[%clk 0:01:11]} Nc6 {[%clk 0:25:14]} 52. Rab3 {[%clk 0:01:32]} Rd7
{[%clk 0:25:33]} 53. f4 {[%clk 0:01:11]} Nd4 {[%clk 0:25:41]} 54. Rbc3
{[%clk 0:01:34]} Nc6 {[%clk 0:24:42]} 55. Re8 {[%clk 0:01:34]} Nb4
{[%clk 0:22:44]} 56. Re5+ {[%clk 0:00:42]} Kd4 {[%clk 0:22:59]} 57. Kd2
{[%clk 0:00:39]} c4 {[%clk 0:23:21]} 58. Rce3 {[%clk 0:00:55]} f5
{[%clk 0:23:29]} 59. a3 {[%clk 0:00:41]} Nd5 {[%clk 0:23:47]} 60. Re1
{[%clk 0:00:56]} Rb7 {[%clk 0:23:25]} 61. Kc2 {[%clk 0:01:20]} Rb3
{[%clk 0:22:46]} 62. Rd1+ {[%clk 0:01:30]} Rd3 {[%clk 0:23:01]} 63. Rxd3+
{[%clk 0:01:28]} cxd3+ {[%clk 0:23:29]} 64. Kd2 {[%clk 0:01:52]} Nc3
{[%clk 0:23:52]} 65. Re7 {[%clk 0:01:56]} Ne4+ {[%clk 0:24:04]} 66. Kd1
{[%clk 0:01:34]} Ke3 {[%clk 0:23:09]} 67. a4 1/2-1/2

[Event "Moscow Open 2018 F"]
[Site "?"]
[Date "2018.02.02"]
[Round "8.1"]
[White "Paravyan, David"]
[Black "Kozionov, Kirill"]
[Result "1-0"]
[BlackElo "2423"]
[WhiteElo "2603"]
[LiveChessVersion "1.4.8"]

1. Nf3 {[%clk 1:19:59]} c5 {[%clk 1:30:09]} 2. c3 {[%clk 1:19:43]} Nf6
{[%clk 1:29:10]} 3. d4 {[%clk 1:20:10]} e6 {[%clk 1:28:45]} 4. Bf4
{[%clk 1:20:30]} d5 {[%clk 1:27:18]} 5. e3 {[%clk 1:20:56]} Bd6 {[%clk 1:27:43]}
6. Bb5+ {[%clk 1:21:24]} Nc6 {[%clk 1:27:39]} 7. Bxc6+ {[%clk 1:21:49]} bxc6
{[%clk 1:28:05]} 8. Bxd6 {[%clk 1:22:16]} Qxd6 {[%clk 1:28:32]} 9. Qa4
{[%clk 1:22:41]} Nd7 {[%clk 0:49:53]} 10. O-O {[%clk 1:22:38]} a5
{[%clk 0:46:43]} 11. Nbd2 {[%clk 1:20:58]} c4 {[%clk 0:43:45]} 12. e4
{[%clk 1:17:16]} O-O {[%clk 0:42:16]} 13. Rfe1 {[%clk 0:57:41]} Bb7
{[%clk 0:41:44]} 14. Rad1 {[%clk 0:58:04]} h6 {[%clk 0:39:14]} 15. h3
{[%clk 0:47:15]} Rfd8 {[%clk 0:38:16]} 16. Ne5 {[%clk 0:47:22]} Nxe5
{[%clk 0:33:44]} 17. dxe5 {[%clk 0:46:35]} Qc7 {[%clk 0:33:05]} 18. exd5
{[%clk 0:46:47]} cxd5 {[%clk 0:29:11]} 19. Nf3 {[%clk 0:47:07]} Bc6
{[%clk 0:28:53]} 20. Qc2 {[%clk 0:47:12]} Rab8 {[%clk 0:28:58]} 21. Nd4
{[%clk 0:45:47]} Rb6 {[%clk 0:29:23]} 22. Rd2 {[%clk 0:46:02]} Rdb8
{[%clk 0:29:27]} 23. Qc1 {[%clk 0:46:28]} Bd7 {[%clk 0:27:02]} 24. f4
{[%clk 0:46:08]} Qd8 {[%clk 0:26:48]} 25. Rf2 {[%clk 0:45:07]} Qe7
{[%clk 0:26:57]} 26. Ree2 {[%clk 0:45:24]} Kh8 {[%clk 0:22:34]} 27. Qe3
{[%clk 0:44:40]} Qh4 {[%clk 0:21:10]} 28. g3 {[%clk 0:44:08]} Qh5
{[%clk 0:20:15]} 29. g4 {[%clk 0:37:23]} Qg6 {[%clk 0:20:37]} 30. Qc1
{[%clk 0:30:45]} Ba4 {[%clk 0:20:39]} 31. Kh2 {[%clk 0:27:02]} Qd3
{[%clk 0:18:20]} 32. Rd2 {[%clk 0:27:21]} Qe3 {[%clk 0:17:30]} 33. Qf1
{[%clk 0:27:39]} Qe4 {[%clk 0:15:53]} 34. Rfe2 {[%clk 0:28:04]} Qg6
{[%clk 0:16:09]} 35. f5 {[%clk 0:24:29]} Qg5 {[%clk 0:16:13]} 36. Rg2
{[%clk 0:23:58]} Qe3 {[%clk 0:15:24]} 37. Rde2 {[%clk 0:24:12]} Qg5
{[%clk 0:14:34]} 38. Qf2 {[%clk 0:23:24]} Qc1 {[%clk 0:13:11]} 39. Rd2
{[%clk 0:22:53]} Qb1 {[%clk 0:12:28]} 40. b3 {[%clk 0:20:52]} cxb3
{[%clk 0:12:33]} 41. axb3 {[%clk 0:21:20]} Qa1 {[%clk 0:08:37]} 42. bxa4
{[%clk 0:21:13]} Rb1 {[%clk 0:09:01]} 43. Rg1 {[%clk 0:17:14]} Rxg1
{[%clk 0:08:35]} 44. Qxg1 {[%clk 0:17:41]} Rb1 {[%clk 0:08:46]} 45. Qf2
{[%clk 0:14:51]} Rf1 {[%clk 0:08:43]} 46. Qg2 {[%clk 0:15:16]} Qxc3
{[%clk 0:05:47]} 47. fxe6 {[%clk 0:13:35]} Qe3 {[%clk 0:05:41]} 48. Qxf1
{[%clk 0:13:59]} Qxd2+ {[%clk 0:06:08]} 49. Kh1 {[%clk 0:14:02]} Qxd4
{[%clk 0:06:07]} 50. exf7 {[%clk 0:14:29]} Qe4+ {[%clk 0:06:30]} 51. Kg1
{[%clk 0:14:53]} 1-0

[Event "Moscow Open 2018 F"]
[Site "?"]
[Date "2018.02.02"]
[Round "8.2"]
[White "Mokshanov, Alexey"]
[Black "Zakhartsov, Vladimir"]
[Result "1/2-1/2"]
[BlackElo "2472"]
[WhiteElo "2415"]
[LiveChessVersion "1.4.8"]

1. e4 c5 2. Nf3 g6 3. c3 d5 4. e5 Nc6 5. d4 cxd4 6. cxd4 Bg4 7. Bb5 Rc8 8. O-O
Nh6 9. Nbd2 Qb6 10. Bxc6+ Qxc6 11. b3 Qc2 12. Qxc2 Rxc2 13. Ba3 Nf5 14. h3 Bxf3
15. Nxf3 e6 16. Rac1 Rxc1 17. Rxc1 Kd7 18. Bxf8 Rxf8 19. g4 Ne7 20. Kf1 h6 21.
Ke2 Rc8 22. Rxc8 Kxc8 23. Kd3 Kd7 24. Kc3 Kc7 25. Kd3 Kd7 26. Kc3 Kc7 27. Kd3 Kd7
28. Kc3 1/2-1/2

[Event "Moscow Open 2018 F"]
[Site "?"]
[Date "2018.02.02"]
[Round "8.3"]
[White "Lugovskoy, Maxim"]
[Black "Ivlev, Aleksey"]
[Result "0-1"]
[BlackElo "2300"]
[WhiteElo "2459"]
[LiveChessVersion "1.4.8"]

1. d4 {[%clk 1:29:05]} d5 {[%clk 1:30:54]} 2. Nc3 {[%clk 1:29:05]} Nf6
{[%clk 1:30:54]} 3. Bf4 {[%clk 1:29:05]} Bf5 {[%clk 1:30:54]} 4. e3
{[%clk 1:30:16]} a6 {[%clk 1:31:47]} 5. f3 {[%clk 1:29:34]} e6 {[%clk 1:32:08]}
6. g4 {[%clk 1:29:34]} Bg6 {[%clk 1:32:33]} 7. h4 {[%clk 1:30:01]} h5
{[%clk 1:32:57]} 8. g5 {[%clk 1:30:26]} Nfd7 {[%clk 1:33:22]} 9. Bh3
{[%clk 1:26:02]} c5 {[%clk 1:32:33]} 10. Nge2 {[%clk 1:25:10]} Nc6
{[%clk 1:27:24]} 11. Bg3 {[%clk 1:19:43]} cxd4 {[%clk 1:26:29]} 12. exd4 Nb6 13.
Nf4 {[%clk 1:14:49]} Bd6 {[%clk 1:26:36]} 14. Nce2 {[%clk 0:59:03]} Ne7
{[%clk 1:22:39]} 15. Nxg6 Bxg3+ {[%clk 1:22:14]} 16. Nxg3 {[%clk 0:59:27]} Nxg6
{[%clk 1:22:39]} 17. Bf1 Qd6 {[%clk 1:21:15]} 18. Kf2 {[%clk 0:54:23]} Nf4
{[%clk 1:17:02]} 19. Qd2 {[%clk 0:54:01]} O-O {[%clk 1:11:21]} 20. Bd3
{[%clk 0:40:43]} Nd7 {[%clk 1:04:01]} 21. Rae1 {[%clk 0:39:00]} g6
{[%clk 1:04:01]} 22. Ne2 {[%clk 0:31:00]} Nxd3+ {[%clk 0:57:49]} 23. Qxd3
{[%clk 0:31:21]} Rac8 {[%clk 0:58:13]} 24. c3 {[%clk 0:31:43]} b5
{[%clk 0:57:43]} 25. a3 {[%clk 0:31:58]} Nb6 {[%clk 0:57:44]} 26. Ng3
{[%clk 0:31:37]} Nc4 {[%clk 0:57:15]} 27. Re2 {[%clk 0:32:01]} a5
{[%clk 0:56:57]} 28. Kg2 {[%clk 0:29:16]} b4 {[%clk 0:56:58]} 29. axb4
{[%clk 0:29:25]} axb4 {[%clk 0:57:24]} 30. Rhe1 {[%clk 0:27:19]} Rfe8
{[%clk 0:56:56]} 31. b3 Na5 {[%clk 0:51:33]} 32. c4 {[%clk 0:23:24]} Kg7
{[%clk 0:45:04]} 33. c5 {[%clk 0:13:53]} Qf4 34. Rh1 {[%clk 0:14:20]} Nc6
{[%clk 0:42:04]} 35. Rd2 {[%clk 0:14:27]} Ra8 {[%clk 0:41:20]} 36. Ne2
{[%clk 0:14:27]} Qc7 {[%clk 0:40:52]} 37. f4 {[%clk 0:14:11]} Ra3
{[%clk 0:38:16]} 38. Qf3 {[%clk 0:10:41]} Ne7 {[%clk 0:36:35]} 39. Ng3
{[%clk 0:10:53]} Nf5 {[%clk 0:35:12]} 40. Kh3 {[%clk 0:09:42]} Qd7
{[%clk 0:34:12]} 41. Kg2 {[%clk 0:08:59]} Qc7 {[%clk 0:32:11]} 42. Kf2 Rxb3
{[%clk 0:32:35]} 43. Qxb3 {[%clk 0:07:07]} Qxf4+ {[%clk 0:33:02]} 44. Qf3
{[%clk 0:02:18]} Qxd2+ 45. Ne2 {[%clk 0:02:13]} e5 {[%clk 0:32:02]} 46. Rh3
{[%clk 0:02:13]} e4 47. Qf4 {[%clk 0:02:37]} e3+ {[%clk 0:32:06]} 48. Kf3
{[%clk 0:02:57]} Re4 {[%clk 0:32:17]} 0-1

[Event "Moscow Open 2018 F"]
[Site "?"]
[Date "2018.02.02"]
[Round "8.4"]
[White "Kezin, Roman"]
[Black "Shapkin, Anatoliy"]
[Result "1-0"]
[BlackElo "2278"]
[WhiteElo "2450"]
[LiveChessVersion "1.4.8"]

1. d4 {[%clk 1:20:42]} Nf6 {[%clk 1:29:27]} 2. c4 {[%clk 1:21:07]} g6
{[%clk 1:29:53]} 3. Nc3 {[%clk 1:21:33]} d5 {[%clk 1:30:20]} 4. Nf3
{[%clk 1:21:10]} Bg7 {[%clk 1:30:19]} 5. cxd5 {[%clk 1:21:36]} Nxd5
{[%clk 1:30:45]} 6. Bg5 {[%clk 1:22:04]} Nxc3 {[%clk 1:28:01]} 7. bxc3
{[%clk 1:22:28]} c5 {[%clk 1:28:13]} 8. Qd2 {[%clk 1:22:46]} Qa5 {[%clk 1:19:52]}
9. Rc1 {[%clk 1:22:38]} Nd7 {[%clk 1:15:20]} 10. e4 {[%clk 1:17:50]} b5
{[%clk 1:06:18]} 11. Bd3 {[%clk 1:05:27]} Bb7 {[%clk 0:58:27]} 12. O-O
{[%clk 1:01:55]} O-O {[%clk 0:57:47]} 13. d5 {[%clk 0:28:36]} Rfe8
{[%clk 0:56:47]} 14. Bh6 {[%clk 0:21:58]} e6 {[%clk 0:51:58]} 15. Bxg7
{[%clk 0:20:34]} Kxg7 {[%clk 0:52:22]} 16. Qb2 {[%clk 0:18:06]} exd5
{[%clk 0:48:19]} 17. Bxb5 {[%clk 0:13:10]} Red8 {[%clk 0:33:54]} 18. exd5
{[%clk 0:05:46]} Nf6 {[%clk 0:32:48]} 19. c4 {[%clk 0:04:06]} Rab8
{[%clk 0:31:26]} 20. Ne5 {[%clk 0:02:03]} Bxd5 {[%clk 0:29:52]} 21. Qa1
{[%clk 0:01:39]} Qc7 {[%clk 0:25:17]} 22. Nd7 {[%clk 0:00:36]} Rxd7
{[%clk 0:23:57]} 23. Bxd7 {[%clk 0:01:05]} Bxg2 {[%clk 0:23:59]} 24. Kxg2
{[%clk 0:01:34]} Qxd7 {[%clk 0:24:19]} 25. Qc3 {[%clk 0:01:35]} Rb2
{[%clk 0:21:58]} 26. Rcd1 {[%clk 0:00:40]} Qg4+ {[%clk 0:20:41]} 27. Kh1
{[%clk 0:01:09]} Qe4+ {[%clk 0:18:20]} 28. Kg1 {[%clk 0:01:38]} Rc2
{[%clk 0:15:46]} 29. Qd3 {[%clk 0:01:20]} Qg4+ {[%clk 0:15:38]} 30. Kh1
{[%clk 0:01:45]} Rxc4 {[%clk 0:15:22]} 31. Rc1 {[%clk 0:01:19]} Rd4
{[%clk 0:15:23]} 32. Qe3 {[%clk 0:01:02]} Qf5 {[%clk 0:15:20]} 33. f3
{[%clk 0:00:46]} Nd5 {[%clk 0:12:54]} 34. Qf2 {[%clk 0:01:03]} Nf4
{[%clk 0:13:07]} 35. Rcd1 {[%clk 0:01:21]} Rb4 {[%clk 0:12:16]} 36. Qe3
{[%clk 0:00:43]} Rb2 {[%clk 0:09:24]} 37. Qc3+ {[%clk 0:00:32]} Qf6
{[%clk 0:09:46]} 38. Qxf6+ {[%clk 0:00:48]} Kxf6 {[%clk 0:09:50]} 39. Rd6+
{[%clk 0:01:13]} Ke5 {[%clk 0:08:16]} 40. Ra6 {[%clk 0:01:23]} Rb7
{[%clk 0:08:16]} 41. Re1+ {[%clk 0:01:26]} Kd5 {[%clk 0:08:13]} 42. Rd1+
{[%clk 0:01:29]} Ke5 {[%clk 0:08:02]} 43. Re1+ {[%clk 0:01:11]} Kd5
{[%clk 0:08:20]} 44. Rd1+ {[%clk 0:01:33]} Ke5 {[%clk 0:08:40]} 45. Ra5
{[%clk 0:02:02]} Rc7 {[%clk 0:07:55]} 46. Kg1 {[%clk 0:02:24]} Ne6
{[%clk 0:05:34]} 47. Kf2 {[%clk 0:02:48]} Nd4 {[%clk 0:05:00]} 48. Ke3
{[%clk 0:02:43]} Ne6 {[%clk 0:04:53]} 49. Rd3 {[%clk 0:02:46]} g5
{[%clk 0:04:59]} 50. Rda3 {[%clk 0:02:47]} Rb7 {[%clk 0:04:07]} 51. Rb3
{[%clk 0:01:17]} Re7 {[%clk 0:03:19]} 52. Rba3 {[%clk 0:00:48]} Rb7
{[%clk 0:03:30]} 53. Rxa7 {[%clk 0:00:38]} Rb2 {[%clk 0:03:50]} 54. Kd3
{[%clk 0:00:39]} Rxh2 {[%clk 0:03:12]} 55. Rxf7 {[%clk 0:00:49]} g4
{[%clk 0:02:16]} 56. Ra4 {[%clk 0:01:19]} g3 {[%clk 0:02:03]} 57. Re4+
{[%clk 0:01:30]} Kd5 {[%clk 0:00:50]} 58. Rf5+ {[%clk 0:01:59]} Kd6
{[%clk 0:00:41]} 59. Rf6 {[%clk 0:02:28]} Kd7 {[%clk 0:00:34]} 60. Rfxe6
{[%clk 0:02:38]} h5 {[%clk 0:00:38]} 61. Rg6 {[%clk 0:02:26]} c4+
{[%clk 0:00:39]} 62. Rxc4 {[%clk 0:02:30]} h4 {[%clk 0:00:34]} 63. Ra4 1-0

[Event "Moscow Open 2018 F"]
[Site "?"]
[Date "2018.02.02"]
[Round "8.5"]
[White "Borisenko, Viacheslav"]
[Black "Styazhkina, Anna"]
[Result "0-1"]
[BlackElo "2283"]
[WhiteElo "2330"]
[LiveChessVersion "1.4.8"]

1. e4 {[%clk 1:30:46]} e5 {[%clk 1:23:56]} 2. Nf3 {[%clk 1:25:27]} Nc6
{[%clk 1:24:11]} 3. Bb5 {[%clk 1:25:39]} a6 {[%clk 1:24:26]} 4. Ba4
{[%clk 1:26:08]} Nf6 {[%clk 1:24:17]} 5. Bxc6 {[%clk 1:21:13]} dxc6
{[%clk 1:24:18]} 6. d3 {[%clk 1:21:27]} Bd6 {[%clk 1:20:01]} 7. h3
{[%clk 1:21:01]} h6 {[%clk 1:19:30]} 8. Qe2 {[%clk 1:20:51]} c5 {[%clk 1:18:15]}
9. Be3 {[%clk 1:20:38]} Be6 {[%clk 1:17:30]} 10. Nbd2 {[%clk 1:20:58]} Qe7
{[%clk 1:16:15]} 11. Nh2 {[%clk 1:01:01]} Nd7 {[%clk 1:02:33]} 12. Nhf1
{[%clk 0:56:44]} O-O-O {[%clk 0:58:51]} 13. g3 {[%clk 0:51:59]} g6
{[%clk 0:58:10]} 14. g4 {[%clk 0:51:10]} Nb8 {[%clk 0:57:05]} 15. Nc4
{[%clk 0:44:42]} Nc6 {[%clk 0:56:56]} 16. Ng3 {[%clk 0:43:40]} Nd4
{[%clk 0:56:50]} 17. Bxd4 {[%clk 0:43:11]} cxd4 {[%clk 0:56:29]} 18. a3
{[%clk 0:42:00]} f6 {[%clk 0:55:15]} 19. h4 {[%clk 0:28:52]} Qd7 {[%clk 0:49:21]}
20. f3 {[%clk 0:28:26]} Qb5 {[%clk 0:48:16]} 21. O-O-O {[%clk 0:24:53]} c5
{[%clk 0:47:13]} 22. h5 {[%clk 0:22:14]} g5 {[%clk 0:47:12]} 23. Nf5
{[%clk 0:22:24]} Bf8 {[%clk 0:47:00]} 24. b3 {[%clk 0:21:13]} Qc6
{[%clk 0:46:49]} 25. Qd2 {[%clk 0:13:37]} b5 {[%clk 0:44:40]} 26. Nb2
{[%clk 0:10:46]} c4 {[%clk 0:38:31]} 27. dxc4 {[%clk 0:11:02]} bxc4
{[%clk 0:38:42]} 28. bxc4 {[%clk 0:11:10]} Qb6 {[%clk 0:27:48]} 29. Qd3
{[%clk 0:08:46]} Rh7 {[%clk 0:22:21]} 30. Qb3 {[%clk 0:07:50]} Qa5
{[%clk 0:19:20]} 31. Rd3 {[%clk 0:05:59]} Rb7 {[%clk 0:19:33]} 32. Qa2
{[%clk 0:06:27]} Kc7 {[%clk 0:19:26]} 33. Kb1 {[%clk 0:01:51]} Rdb8
{[%clk 0:18:12]} 34. Rb3 {[%clk 0:02:09]} Qc3 {[%clk 0:12:30]} 35. Rc1
{[%clk 0:01:14]} Rxb3 {[%clk 0:11:04]} 36. cxb3 {[%clk 0:01:41]} Qxf3
{[%clk 0:11:20]} 37. b4 {[%clk 0:01:21]} Qxe4+ {[%clk 0:11:23]} 38. Ka1
{[%clk 0:01:50]} Qxg4 {[%clk 0:11:26]} 39. Qb3 {[%clk 0:02:14]} Qxf5
{[%clk 0:09:42]} 40. Qa4 {[%clk 0:02:42]} Qe4 {[%clk 0:09:32]} 41. Qa5+
{[%clk 0:02:42]} Kd7 {[%clk 0:08:59]} 42. Qxa6 {[%clk 0:02:37]} Ra8
{[%clk 0:08:57]} 0-1

[Event "Moscow Open 2018 F"]
[Site "?"]
[Date "2018.02.02"]
[Round "8.6"]
[White "Aleksandrovskiy, Dmitriy"]
[Black "Chernyavsky, Alexander"]
[Result "1-0"]
[BlackElo "2326"]
[WhiteElo "2239"]
[LiveChessVersion "1.4.8"]

1. Nf3 {[%clk 1:30:56]} Nf6 {[%clk 1:30:37]} 2. g3 {[%clk 1:31:19]} d5
{[%clk 1:28:58]} 3. Bg2 {[%clk 1:31:40]} c6 {[%clk 1:29:09]} 4. d4
{[%clk 1:32:00]} Bf5 {[%clk 1:28:08]} 5. Nh4 {[%clk 1:32:22]} Bc8
{[%clk 1:26:48]} 6. Nf3 {[%clk 1:32:42]} Nbd7 {[%clk 1:24:26]} 7. O-O
{[%clk 1:31:25]} e6 {[%clk 1:24:06]} 8. Nfd2 {[%clk 1:30:58]} Bd6
{[%clk 1:22:45]} 9. c4 {[%clk 1:31:05]} e5 {[%clk 1:16:19]} 10. cxd5
{[%clk 1:29:36]} Nxd5 {[%clk 1:13:51]} 11. Nc4 {[%clk 1:26:09]} Bc7
{[%clk 1:13:24]} 12. Nc3 {[%clk 1:22:43]} N5b6 {[%clk 1:11:27]} 13. Nxb6
{[%clk 1:22:35]} Nxb6 {[%clk 1:10:12]} 14. d5 {[%clk 1:22:52]} Qf6
{[%clk 1:07:08]} 15. dxc6 {[%clk 1:17:53]} bxc6 {[%clk 1:07:26]} 16. b3
{[%clk 1:15:25]} h5 {[%clk 1:00:07]} 17. Ba3 {[%clk 1:12:54]} Qg6
{[%clk 0:51:54]} 18. Rc1 {[%clk 1:08:09]} Bd7 {[%clk 0:41:14]} 19. Nb5
{[%clk 1:02:32]} O-O-O {[%clk 0:41:36]} 20. Nxa7+ {[%clk 0:58:13]} Kb7
{[%clk 0:40:33]} 21. Nxc6 {[%clk 0:57:46]} Bxc6 {[%clk 0:35:58]} 22. Rxc6
{[%clk 0:58:08]} Qxc6 {[%clk 0:32:21]} 23. Bxc6+ {[%clk 0:58:33]} Kxc6
{[%clk 0:32:47]} 24. Qc2+ {[%clk 0:58:57]} Kb7 {[%clk 0:33:12]} 25. Rc1
{[%clk 0:59:17]} Rd7 {[%clk 0:33:13]} 26. Qc6+ {[%clk 0:59:38]} Kc8
{[%clk 0:31:59]} 27. Qxb6 {[%clk 0:59:30]} Rd1+ {[%clk 0:32:22]} 28. Kg2
{[%clk 0:59:48]} Rxc1 {[%clk 0:32:47]} 29. Qa6+ {[%clk 1:00:15]} 1-0

[Event "Moscow Open 2018 F"]
[Site "?"]
[Date "2018.02.02"]
[Round "8.7"]
[White "Derevianchenko, Ilia"]
[Black "Fotin, Vladimir"]
[Result "0-1"]
[BlackElo "2315"]
[WhiteElo "2282"]
[LiveChessVersion "1.4.8"]

1. e4 {[%clk 1:23:00]} c5 {[%clk 1:28:05]} 2. Nf3 {[%clk 1:24:15]} e6
{[%clk 1:28:16]} 3. d4 {[%clk 1:23:58]} cxd4 {[%clk 1:28:39]} 4. Nxd4
{[%clk 1:24:26]} a6 {[%clk 1:28:51]} 5. Nc3 {[%clk 1:19:40]} b5 {[%clk 1:29:02]}
6. g3 {[%clk 1:18:17]} Bb7 {[%clk 1:28:51]} 7. Bg2 {[%clk 1:18:40]} Nf6
{[%clk 1:25:46]} 8. Qe2 {[%clk 1:18:07]} d6 {[%clk 1:25:14]} 9. O-O
{[%clk 1:17:57]} Qc7 {[%clk 1:23:12]} 10. Rd1 {[%clk 1:08:04]} Be7
{[%clk 1:21:30]} 11. f4 {[%clk 1:05:29]} O-O {[%clk 1:20:00]} 12. a3
{[%clk 1:04:32]} Nbd7 {[%clk 1:15:26]} 13. g4 {[%clk 0:59:41]} Nb6
{[%clk 0:50:19]} 14. Rd3 {[%clk 0:57:02]} g6 {[%clk 0:49:10]} 15. g5
{[%clk 0:50:45]} Nh5 {[%clk 0:45:48]} 16. f5 {[%clk 0:48:42]} exf5
{[%clk 0:45:08]} 17. Nxf5 {[%clk 0:43:55]} Ng7 {[%clk 0:32:36]} 18. Nxe7+
{[%clk 0:30:22]} Qxe7 {[%clk 0:33:00]} 19. Qf2 {[%clk 0:29:31]} Nc4
{[%clk 0:15:32]} 20. b3 {[%clk 0:22:50]} Ne5 {[%clk 0:15:39]} 21. Rh3
{[%clk 0:23:08]} Nh5 {[%clk 0:13:42]} 22. Ne2 {[%clk 0:05:09]} f5
{[%clk 0:09:31]} 23. gxf6 {[%clk 0:04:50]} Rxf6 {[%clk 0:09:33]} 24. Qd4
{[%clk 0:05:02]} Qe6 {[%clk 0:07:12]} 25. Kh1 {[%clk 0:00:48]} Raf8
{[%clk 0:06:25]} 26. Be3 {[%clk 0:00:35]} Nf3 {[%clk 0:04:18]} 27. Rxf3
{[%clk 0:00:00]} Rxf3 28. Bxf3 Rxf3 29. Nc3 Qh3 0-1